000 00603nam a2200241 a 4500
001 0001-1248
003 ELIB.Books
008 150604 2010 eng
020 _a6311165
035 _a(ELIB.Books)0001-1403
092 _a264.2
_bHoo
100 _aHooper, William Loyd
245 _aChurch Music in Transition
260 _aNashville
_bBroadman Press
_c1963
300 _a208
_c21.5 Cm
500 _aC/o Moe Tarmalar Paw
650 _aMusic
856 _nKBTS: Library
_uKBTS: Elib
942 _2ddc
_cBK
990 _a2
998 _cbat
_e2015-06-04
999 _c11248
_d11248